000 00643nam a2200217Ia 4500
003 OSt
005 20240515151920.0
008 210210b1997 xxu||||| |||| 00| 0 eng d
040 _cAL
041 _aKannada
082 _aK894.9 SUMA
100 _aSUMITRABAYI (B N).
_9135963
_dಸುಮಿತ್ರಾಬಾಯಿ (ಬಿ ಎನ್)
245 _aAngaladolagina kadalu.
_bಅಂಗಳದೊಳಗಿನ ಕಡಲು
260 _aPutturu
_bKarnataka Sangha
_c1997
300 _aiv,40
650 _aShivarama Karanta
_9135964
650 _aMahile
_9135966
690 _aKannada Criticism
_9135965
906 _a052515
942 _2ddc
_cBK
999 _c100925
_d100925